[Event "Gibraltar Amateur op-B"]
[Site "Caleta"]
[Date "2019.01.28"]
[Round "3"]
[White "Dennis, Nigel W"]
[Black "Sagar, Siya"]
[Result "0-1"]
[WhiteElo "1805"]
[BlackElo "1616"]
[PlyCount "120"]
[EventDate "2019.01.26"]
[EventType "swiss"]
[EventRounds "5"]
[EventCountry "GGB"]
[SourceTitle "CBM 188 Extra"]
[Source "ChessBase"]
[SourceDate "2019.02.26"]
[SourceVersion "1"]
[SourceVersionDate "2019.02.26"]
[SourceQuality "1"]

1. e4 e5 2. Nf3 Nc6 3. Bb5 a6 4. Ba4 Nf6 5. 0-0 Be7 6. Re1 b5 7. Bb3 d6 8. c3 0-0 9. h3 Bb7 10. d4 Nd7 11. Nbd2 Bf6 12. Nf1 Na5 13. Bc2 c5 14. Ng3 g6 15. Bh6 Bg7 16. Bxg7 Kxg7 17. b3 Rc8 18. Rc1 Re8 19. Bb1 cxd4 20. cxd4 Rxc1 21. Qxc1 Qb6 22. dxe5 dxe5 23. Qb2 Nc6 24. a3 Nf6 25. b4 a5 26. Ba2 axb4 27. axb4 Qd8 28. Rc1 Nd4 29. Nxd4 exd4 30. Rd1 Nxe4 31. Nxe4 Rxe4 32. Bb1 Re8 33. Kf1 Be4 34. Rxd4 Qf6 35. Bxe4 Rxe4 36. Rd2 Qxb2 37. Rxb2 Kf6 38. f3 Rd4 39. Ke2 Ke5 40. Ke3 Kd5 41. Rb1 f5 42. g3 g5 43. f4 gxf4+ 44. gxf4 Re4+ 45. Kf3 Kc4 46. h4 Kc3 47. h5 Kc2 48. Rg1 Rxb4 49. Rg7 Rc4 50. Rxh7 b4 51. Rb7 Rc3+ 52. Ke2 b3 53. h6 b2 54. h7 Rc8 55. Ke3 b1Q 56. Rc7+ Rxc7 57. h8Q Qe1+ 58. Kf3 Rc3+ 59. Kg2 Qg3+ 60. Kf1 Rf3+ 0-1